00462 2200181 4500001002100000005001500021008004100036020002200077035001900099041000700118082001100125090001700136100002100153245004000174250000600214260003700220300002300257INLIS00000000002089620241224130931241224||||||||| | ||| |||| || |  a978-979-29-0518-2 0010-1224020896 aid0 a639.31 a639.31 EKO e0 aEKO BUDI KUNCORO00aENSIKLOPEDIA POPULER IKAN AIR TAWAR a1 aYogyakartabLILY PUBLISHERc2009 a134hlm.;19 x 23 cm